| 000 | 00846nam a22002295i 4500 | ||
|---|---|---|---|
| 001 | 165286 | ||
| 003 | ES-MaACL | ||
| 005 | 20230906213114.0 | ||
| 008 | 050906s1868 gw | |||||||| ||eng d | ||
| 040 |
_aCAM _bspa _cCAM |
||
| 100 | 1 |
_aSewell, Elizabeth M. _9132697 |
|
| 245 | 1 | 0 |
_aAfter life _b: (sequel to "The journal of a home life") / _cby Elizabeth M. Sewell. |
| 260 |
_aLeipzig : _bBernhard Tauchnitz, _c1868. |
||
| 300 |
_a2 v. (308 ; 298 p.) ; _c16 cm. |
||
| 490 | 1 |
_aCollection of british authors ; _v950 ; 951 |
|
| 650 | 7 |
_aNovela inglesa _2embne _9137408 |
|
| 700 | 1 |
_aTauchnitz, Bernhard, _eed. _9162210 |
|
| 752 |
_aAlemania - _dLeipzig |
||
| 830 | 0 |
_aCollection of british authors ; _v950 ; 951 _9180703 |
|
| 852 |
_aES-MaACL _jG-11969 _z-- Enc. hol., falto de la cub. original _z-- Enc. 2 t. en 1 v. |
||
| 999 |
_c165286 _d165286 |
||